Tendance politique des présidents de la République élus - Statistiques

Statistiques générales
  • Ce quiz a été pris 124 fois
  • Le résultat moyen est 9 sur 24
Statistiques - réponses
Hint Réponse % Correct
2012 François Hollande Gauche
95%
2007 Nicolas Sarkozy Droite
73%
1995 & 2002 Jacques Chirac Droite
72%
1981 & 1988 François Mitterrand Gauche
65%
1958 & 1965 Charles de Gaulle Droite
62%
1848 Louis Napoléon Bonaparte Bonapartiste
57%
1969 Georges Pompidou Droite
52%
1974 Valéry Giscard d'Estaing Droite
48%
1913 Raymond Poincaré Droite
44%
1931 Paul Doumer Droite
37%
1954 René Coty Droite
36%
1873 Patrice de Mac Mahon Royaliste
33%
1947 Vincent Auriol Gauche
23%
1920-1 Paul Deschanel Droite
19%
1932 & 1939 Albert Lebrun Droite
19%
1906 Armand Fallières Droite
19%
1924 Gaston Doumergue Gauche
17%
1899 Emile Loubet Gauche
16%
2017 & 2022 Emmanuel Macron Indépendant
16%
1887 Marie François Sadi-Carnot Gauche
14%
1894 Jean Casimir-Perier Centre
12%
1879 & 1885 Jules Grévy Centre
10%
1920-2 Alexandre Millerand Indépendant
9%
1895 Félix Faure Centre
5%
Aucun quiz correspondant
Distribution des résultats
% des personnes avec chaque résultat
Percentile par nombre de réponses
Votre historique - résultats
Vous n’avez pas pris ce quiz